LEADER 00984nam0-2200301---450- 001 990008678160403321 005 20081103113949.0 010 $a080323063X 035 $a000867816 035 $aFED01000867816 035 $a(Aleph)000867816FED01 035 $a000867816 100 $a20080625d1981----km-y0itay50------ba 101 0 $aeng 102 $aUS 105 $ay-------001yy 200 1 $aPhiloctetes and the fall of Troy$eplays, documents, iconography, interpretations$fOscar Mandel$gincluding versions by Sophocles, Andre Gide, Oscar Mandel, and Heiner Muller 210 $aLincoln [etc.]$cUniversity of Nebraska press$d©1981 215 $aXIV, 256 p.$d24 cm 676 $a809.2$v11 rid. 700 1$aMandel,$bOscar$0503559 801 0$aIT$bUNINA$gRICA$2UNIMARC 901 $aBK 912 $a990008678160403321 952 $aP2B-610-SOPHOCLES-8M.O.-1981$bIst.Fil.Cl.3431$fFLFBC 959 $aFLFBC 996 $aPhiloctetes and the fall of Troy$9716866 997 $aUNINA LEADER 01466cam--2200409---450- 001 990001699550203316 005 20121219121834.0 035 $a000169955 035 $aUSA01000169955 035 $a(ALEPH)000169955USA01 035 $a000169955 100 $a20040526d1979----km-y0itay50------ba 101 0 $aita$agrc 102 $aIT 105 $aaf||z|||001yy 200 1 $aDialetti e interazione sociale in Magna Grecia$elineamenti di una storia linguistica attraverso la documentazione epigrafica$fAddolorata Landi 210 $aNapoli$cGiannini$d1979 215 $a349 p., LXXXVII p. di tav.$cill.$d24 cm$e1 fascicolo (7 p.) 225 2 $aUniversitą di Napoli, Centro di studi per la Magna Grecia$v4 410 0$12001$aUniversitą di Napoli, Centro di studi per la Magna Grecia$v4 606 0 $aDialetti greci$xMagna Grecia$2BNCF 676 $a487 700 1$aLANDI,$bAddolorata$0158809 801 0$aIT$bsalbc$gISBD 912 $a990001699550203316 951 $aV.1.D. 180(VIII C Coll. 142/4)$b91452 L.M.$cV.1. 951 $aXV.8. 592$b223147 L.M.$cXV.8. 959 $aBK 969 $aUMA 969 $aFSO 979 $aSIAV2$b10$c20040526$lUSA01$h1206 979 $aCOPAT6$b90$c20051111$lUSA01$h1258 979 $aCOPAT6$b90$c20070620$lUSA01$h1432 979 $aCOPAT6$b90$c20070620$lUSA01$h1433 979 $aANNAMARIA$b90$c20121219$lUSA01$h1218 996 $aDialetti e interazione sociale in Magna Grecia$9175312 997 $aUNISA